Property focus (Record no. 78057)

MARC details
000 -LEADER
fixed length control field 01080cab a2200205 4500
001 - CONTROL NUMBER
control field L135873
008 - FIXED-LENGTH DATA ELEMENTS--GENERAL INFORMATION
fixed length control field 061213n2006 000 0 eng u
035 ## - SYSTEM CONTROL NUMBER
System control number (Sirsi) u135873
041 0# - LANGUAGE CODE
Language code of text/sound track or separate title eng
245 00 - TITLE STATEMENT
Title Property focus
260 ## - PUBLICATION, DISTRIBUTION, ETC.
Date of publication, distribution, etc. 2006
490 #0 - SERIES STATEMENT
Series statement Solicitors' Journal Focus
Volume/sequential designation 150(46) 01 December 2006, 1-12(7)
520 ## - SUMMARY, ETC.
Summary, etc. Looks at the Regulatory Reform [Fire Safety] Order 2005 and argues that it could lead to almost every serious fire resulting in a prosecution or civil action; covers the scaled down version of HiPs and asks whether they will be any use to the prospective home-buyer; discusses defective title indemnity insurance and examines the circumstances in which it may be required including a consideration of the issues a solicitor should be aware of when acquiring a property that has insurance; and explains the EU law on energy-efficient builds.
590 ## - LOCAL NOTE (RLIN)
Local note KA
650 24 - SUBJECT ADDED ENTRY--TOPICAL TERM
Topical term or geographic name entry element REGULATORY REFORM (FIRE SAFETY) ORDER 2005
650 24 - SUBJECT ADDED ENTRY--TOPICAL TERM
Topical term or geographic name entry element HOME INFORMATION PACKS
650 24 - SUBJECT ADDED ENTRY--TOPICAL TERM
Topical term or geographic name entry element CONSUMER PROTECTION
690 ## - LOCAL SUBJECT ADDED ENTRY--TOPICAL TERM (OCLC, RLIN)
Topical term or geographic name as entry element Building regulations
9 (RLIN) 6224
942 ## - ADDED ENTRY ELEMENTS (KOHA)
Suppress in OPAC 0
Holdings
Withdrawn status Lost status Source of classification or shelving scheme Damaged status Not for loan Home library Current library Shelving location Date acquired Total Checkouts Full call number Barcode Date last seen Copy number Price effective from Koha item type
    Dewey Decimal Classification     London London Journal article 13/12/2006   L135873 135873-1001 06/08/2019 1 06/08/2019 Journal article